000 00724nam a22002177a 4500
003 UA-OsUOA
001 109423
007 ta
008 20141224b un ||||| |||| 00| 0 ukr d
100 _aПолякова Є.С.
090 _a330(477)
_bП54
942 _cSA
040 _aUA-OsUOA
_bukr
_cUA-OsUOA
_dUA-OsUOA
245 _aОцінка фінансового стану банківської системи України в умовах циклічного розвитку економіки
300 _aС.6-10
955 _a0
041 _aukr
080 _a330(477)
773 0 _w109422
_tЕкономіка. Фінанси. Право.
_dК.
_d2014
_g12
650 7 _a330 Економіка взагалі
_2UDC
999 _c395321
_d395321